000
00316nam a2200133Ia 4500
008
240624s9999 xx 000 0 und d
041
_a
eng
082
_a
658.8 FER
100
_a
FERRELL O C
245
_a
STRATEGIC MARKETING
260
_c
2009
_a
New Delhi
_b
Cengage Learning
300
_a
440 : p.
365
_c
RS
_b
34
999
_c
14228
_d
14228